Karten-Quiz des Vereinigten Königreichs - Statistiken

Allgemein
  • Dieses Quiz wurde 130 mal gespielt
  • Das Durchschnittsergebnis liegt bei 14 aus 21
Antworten auf der Karte
Die Antworten werden auf der Karte rot bzw. grün angezeigt, abhängig davon wie oft sie richtig erraten wurden.
 
Antwortstatistiken
Antwort % Korrekt
London
98%
Belfast
82%
Dover
82%
Manchester
80%
Cardiff
78%
Glasgow
78%
Liverpool
78%
Edinburgh
72%
Plymouth
67%
Oxford
66%
Aberdeen
64%
Birmingham
63%
Bristol
62%
Newcastle
61%
Londonderry / Derry
57%
Kirkwall
55%
Brighton
52%
Inverness
46%
Norwich
45%
Douglas
44%
York
33%
Keine übereinstimmenden Quizze gefunden
Verteilung der Resultate
Anzahl Personen mit jedem Resultat
Perzentil nach korrekt beantworteten Fragen
Ihre Resultats-Entwicklung
Sie haben dieses Quiz noch nicht gespielt